| 000 | 00422nam a2200181Ia 4500 | ||
|---|---|---|---|
| 001 | 8678 | ||
| 005 | 20260306160627.0 | ||
| 008 | 260306t2009||||xx |||||||||||||| ||spa|| | ||
| 041 | _aESP | ||
| 082 |
_a371.3 _bA94A |
||
| 100 |
_aAyllon, Jose Ramon _eAUT |
||
| 245 | 0 | _aDiez claves de la educación | |
| 260 | _c2009 | ||
| 300 |
_a174 páginas : _c21 cm. |
||
| 650 | _aGEN | ||
| 654 | _aCED | ||
| 942 |
_cLIB _dJUS _fJUS _2ddc _n |
||
| 999 |
_c8678 _d8678 |
||